000 00422nam a22001337a 4500
003 URS
005 20250415152824.0
008 250415b |||||||| |||| 00| 0 eng d
040 _c URS
100 1 _a Bryson , Emily.
245 1 0 _a Reviews/Cultivating Teacher Wellbeing.
773 0 _082535
_974952
_dSussex: Pavilion Publishing and Media Ltd, 2023-
_oPIL-03080587-32-4
_tModern English Teacher
_x03080587
942 _2ddc
_cCR
999 _c82628
_d82627